KURZ MARXISTICKEJ SOCIOLÓGIE

Bibliographic Details
Main Author: Wagner, V. (Author)
Format: Article
Language:Slovak

MARC

LEADER 00000nab a2200000ua 4500
001 vtls010748356
003 SK-MaSNL
005 20260304202600.0
008 250718s1964 xo |||||||||||||||||slo|
035 |a (urnnbn)urn:nbn:sk:snk:ar-a049l9 
035 |a (uuid)bd695c1d-911a-4026-8274-d56cec135435 
035 |a urn:nbn:sk:snk-ab4qtn 
040 |a SNKBUCL  |b slo  |c SNKBUCL  |e AACR2 
041 0 |a slo 
044 |a xo  |c SK 
100 1 |a Wagner, V.  |4 aut  |9 532426 
245 1 0 |a KURZ MARXISTICKEJ SOCIOLÓGIE  |c V. Wagner 
773 0 |t Otázky marxistickej filozofie : časopis Filozofického ústavu  |g Roč. 19, č. 6 (1964), s. 560-561 
850 |a Slovenská národná knižnica 
852 |a Slovenská národná knižnica 
954 |a odborná, vedecká literatúra pôvodná (slovenská)  |2 lita 
958 |a article3 
958 |a OND 
958 |a EUIPO 
999 |c 3104049  |d 3105979